Lineamenti di informatica giuridica teoria, metodi, applicazioni /

Detalles Bibliográficos
Autor principal: Nannunci, Roberta
Autor Corporativo: L'Istituto di Teoria e Tecniche dell'Informazione Giuridica
Formato: Desconocido
Lenguaje:español
Publicado: Firenze : ITTIG, 2002
Materias:
Acceso en línea:Acceso restringido

MARC

LEADER 00000ny a22000003n 4500
005 20110531131841.0
008 070711s2002 it s 000 0 spa d
020 |a 8849514301 
035 |a 2233 
040 |a UMA.RE  |d vLex 
080 |a 004:34(0.034) 
090 |c 379  |d 379 
100 1 |a Nannunci, Roberta 
245 1 0 |a Lineamenti di informatica giuridica  |h [Recurso electrn̤ico]  |b teoria, metodi, applicazioni /  |c Roberta Nannunci 
256 |a Servicio en ln̕ea 
260 |a Firenze :  |b ITTIG,  |c 2002 
506 1 |a Contenido solo disponible en los productos indicados  |d vLex Global  |d vLex Global (Academic Edition, excluding Law Schools)  |d vLex Global (U.S. Academic Edition, Law Schools)  |d vLex Global (U.S. Academic Edition, excluding Law Schools)  |d vLex Global (Academic Edition, Law Schools) 
650 0 4 |a Derecho  
710 2 |a L'Istituto di Teoria e Tecniche dell'Informazione Giuridica 
740 0 |a vLex Libros (Servicios en ln̕ea) 
856 4 0 |u http://vlex.com/source/2233  |z Acceso restringido 
942 |c BOOK 
999 0 4 |a Law  |b Italy 
999 0 4 |a Sistemas de informacin̤  |v En ln̕ea